MARC details
| 000 -LEADER |
| fixed length control field |
02086nam a2200541 i 4500 |
| 001 - CONTROL NUMBER |
| control field |
991053157337505066 |
| 003 - CONTROL NUMBER IDENTIFIER |
| control field |
NyNyJPI |
| 005 - DATE AND TIME OF LATEST TRANSACTION |
| control field |
20260407221011.0 |
| 008 - FIXED-LENGTH DATA ELEMENTS--GENERAL INFORMATION |
| fixed length control field |
251010s2025 pl abch |000 0 pol c |
| 009 - PHYSICAL DESCRIPTION FIXED-FIELD FOR ARCHIVAL COLLECTION (VM) [OBSOLETE] |
| fixed length control field |
b1000007469038 |
| 015 ## - NATIONAL BIBLIOGRAPHY NUMBER |
| National bibliography number |
UWD 2025/35267 |
| 020 ## - INTERNATIONAL STANDARD BOOK NUMBER |
| International Standard Book Number |
9788365248961 |
| Qualifying information |
(oprawa twarda) |
| 035 ## - SYSTEM CONTROL NUMBER |
| System control number |
(PL)b1000007469038 |
| 035 ## - SYSTEM CONTROL NUMBER |
| System control number |
(EXLNZ-48OMNIS_NETWORK)9915185582105606 |
| 040 ## - CATALOGING SOURCE |
| Original cataloging agency |
WA N |
| Transcribing agency |
WA N |
| Modifying agency |
WA N |
| -- |
KR U |
| -- |
WA M |
| -- |
WA U |
| -- |
WA N |
| -- |
OLSZT 003 |
| -- |
LUBL KUL |
| 041 1# - LANGUAGE CODE |
| Language code of text/sound track or separate title |
pol |
| Language code of original |
eng |
| 045 0# - TIME PERIOD OF CONTENT |
| Formatted 9999 B.C. through C.E. time period |
d1974 |
| 046 ## - SPECIAL CODED DATES |
| Beginning or single date created |
2025 |
| 080 ## - UNIVERSAL DECIMAL CLASSIFICATION NUMBER |
| Universal Decimal Classification number |
94(438).06"1794" |
| 084 ## - OTHER CLASSIFICATION NUMBER |
| Classification number |
01 |
| 245 00 - TITLE STATEMENT |
| Title |
Rzeczpospolita powstańcza : |
| Remainder of title |
insurekcja kościuszkowska i jej tradycje / |
| Statement of responsibility, etc. |
redakcja naukowa Richard Butterwick, Michał Bąk. |
| 246 30 - VARYING FORM OF TITLE |
| Title proper/short title |
Insurekcja kościuszkowska i jej tradycje |
| 260 ## - PUBLICATION, DISTRIBUTION, ETC. |
| Place of publication, distribution, etc. |
Warszawa : |
| Name of publisher, distributor, etc. |
Muzeum Historii Polski, |
| Date of publication, distribution, etc. |
2025. |
| 300 ## - PHYSICAL DESCRIPTION |
| Extent |
265, [1] strona : |
| Other physical details |
faksymilia, fotografie, ilustracje, mapa, portrety ; |
| Dimensions |
29 cm. |
| 336 ## - CONTENT TYPE |
| Content type term |
Tekst |
| Content type code |
txt |
| Source |
rdacontent |
| 337 ## - MEDIA TYPE |
| Media type term |
Bez urządzenia pośredniczącego |
| Media type code |
n |
| Source |
rdamedia |
| 338 ## - CARRIER TYPE |
| Carrier type term |
Wolumin |
| Carrier type code |
nc |
| Source |
rdacarrier |
| 380 ## - FORM OF WORK |
| Form of work |
Książki |
| 380 ## - FORM OF WORK |
| Form of work |
Publikacje naukowe |
| 388 1# - TIME PERIOD OF CREATION |
| Time period of creation term |
2001- |
| 500 ## - GENERAL NOTE |
| General note |
Publikacja towarzysząca wystawie prezentowanej w Muzeum Historii Polski w Warszawie w dniach 20 sierpnia - 23 listopada 2025 r. |
| 536 ## - FUNDING INFORMATION NOTE |
| Text of note |
Współfinansowanie: Minister Kultury i Dziedzictwa Narodowego (Polska) |
| 546 ## - LANGUAGE NOTE |
| Language note |
Jeden artykuł w przekładzie z języka angielskiego. |
| 600 17 - SUBJECT ADDED ENTRY--PERSONAL NAME |
| Personal name |
Kościuszko, Tadeusz |
| Dates associated with a name |
(1746-1817) |
| Source of heading or term |
DBN |
| 648 #7 - SUBJECT ADDED ENTRY--CHRONOLOGICAL TERM |
| Chronological term |
1701-1800 |
| Source of heading or term |
DBN |
| 650 #7 - SUBJECT ADDED ENTRY--TOPICAL TERM |
| Topical term or geographic name entry element |
Insurekcja kościuszkowska (1794) |
| Source of heading or term |
DBN |
| 650 #7 - SUBJECT ADDED ENTRY--TOPICAL TERM |
| Topical term or geographic name entry element |
Powstańcy kościuszkowscy |
| Source of heading or term |
DBN |
| 651 #7 - SUBJECT ADDED ENTRY--GEOGRAPHIC NAME |
| Geographic name |
Polska |
| Source of heading or term |
DBN |
| 651 #7 - SUBJECT ADDED ENTRY--GEOGRAPHIC NAME |
| Geographic name |
Wielkie Księstwo Litewskie |
| Source of heading or term |
DBN |
| 651 #0 - SUBJECT ADDED ENTRY--GEOGRAPHIC NAME |
| Geographic name |
Poland |
| General subdivision |
History |
| Chronological subdivision |
Revolution of 1794 |
| Form subdivision |
Exhibitions. |
| 655 #7 - INDEX TERM--GENRE/FORM |
| Genre/form data or focus term |
Opracowanie |
| Source of term |
DBN |
| 655 #7 - INDEX TERM--GENRE/FORM |
| Genre/form data or focus term |
Praca zbiorowa |
| Source of term |
DBN |
| 658 ## - INDEX TERM--CURRICULUM OBJECTIVE |
| Main curriculum objective |
Historia |
| 700 1# - ADDED ENTRY--PERSONAL NAME |
| Personal name |
Butterwick, Richard |
| Dates associated with a name |
(1968- ) |
| Relator term |
Redakcja |
| 700 1# - ADDED ENTRY--PERSONAL NAME |
| Personal name |
Bąk, Michał |
| Dates associated with a name |
(1989- ) |
| Relator term |
Redakcja |
| 710 2# - ADDED ENTRY--CORPORATE NAME |
| Corporate name or jurisdiction name as entry element |
Muzeum Historii Polski (Warszawa) |
| Relator term |
Wydawca |
| Relationship |
pbl |
| 942 ## - ADDED ENTRY ELEMENTS (KOHA) |
| Source of classification or shelving scheme |
Other/Generic Classification Scheme |
| Koha item type |
Books |
| Suppress in OPAC |
No |